Remote sensing and image interpretation /

में बचाया:
ग्रंथसूची विवरण
मुख्य लेखक: Lillesand, Thomas M.
स्वरूप: पुस्तक
भाषा:English
प्रकाशित: New York ; Chichester : John Wiley and Sons, 2000.
संस्करण:4th ed.
विषय:
टैग : टैग जोड़ें
कोई टैग नहीं, इस रिकॉर्ड को टैग करने वाले पहले व्यक्ति बनें!
Thư viện lưu trữ: Mạng thư viện Đại học Đà Nẵng
LEADER 00852cam a2200325 i 4500
001 000046135
003 5408
005 20030331154651.0
008 010220|2000 vm 000 eng
020 |a 0471255157 
040 |a IRC  |c IRC  |d IRC 
041 0 |a eng 
082 1 4 |a 621.3678  |b LI-T 
100 1 |a Lillesand, Thomas M. 
245 0 0 |a Remote sensing and image interpretation /  |c Thomas M. Lillesand. 
250 |a 4th ed. 
260 |a New York ; Chichester :  |b John Wiley and Sons,  |c 2000. 
300 |a xii, 724p., [24]p. of plates :  |b ill. 
630 0 4 |a Remote sensing. 
650 0 4 |a Remote sensing. 
OWN |a DUT 
999 |a From the UDN01 
TYP |a Monograph 
TYP |a Printed language 
980 |a Mạng thư viện Đại học Đà Nẵng